00518nam a2200169Ia 4500003000900000008004100009020001800050040001600068080001500084100001600099245010800115260003600223300001500259650004100274650001400315650001900329IN-BaIIA211028s9999 xx 000 0 eng d a0-460-04535-0 cIIA Library a52-37bHOY aHoyle, Fred 0aEvolution from spacecFred Hoyle and Chandra Wickramasinghe  aLondonbJ. M. Dent & Sonsc1981 axii, 176p. aAstronomy and astrophysics thesaurus aCosmology aOrigin of life